[Event "15th Biel Festival"]
[Site "Biel SUI"]
[Date "1982.07.18"]
[Round "1"]
[White "Birnboim, Nathan"]
[Black "Lobron, Eric"]
[Result "0-1"]
[WhiteElo "2460"]
[BlackElo "2440"]
[EventDate "1982.07.18"]
[PlyCount "78"]

1.d4 Nf6 2.c4 e6 3.g3 c5 4.d5 exd5 5.cxd5 d6 6.Nc3 g6 7.Bg2 Bg7 8.Nf3 O-O 
9.O-O Qe7 10.Re1 Nbd7 11.h3 Ne4 12.Nxe4 Qxe4 13.Bf4 Qe7 14.Qd2 a5 15.e4 
Ra6 16.Bf1 Rb6 17.Qxa5 Bxb2 18.Rab1 Qf6 19.e5 dxe5 20.Nxe5 Bxe5 21.Rxb6 
Bc3 22.Rxf6 Bxa5 23.Rd6 Bxe1 24.Bb5 Nb8 25.Bh6 Ba5 26.Bxf8 Kxf8 27.Rf6 Bf5
28.g4 Ke7 29.g5 Bc7 30.d6+ Bxd6 31.Bc4 Be6 32.Bxe6 fxe6 33.Rf3 c4 34.Rc3 
b5 35.a4 Be5 36.Rc2 bxa4 37.Rxc4 a3 38.Ra4 Bb2 39.Kf1 Nc6 0-1

[Event "15th Biel Festival"]
[Site "Biel SUI"]
[Date "1982.07.18"]
[Round "1"]
[White "Gheorghiu, Florin"]
[Black "Wirthensohn, Heinz"]
[Result "1/2-1/2"]
[WhiteElo "2550"]
[BlackElo "2435"]
[EventDate "1982.07.18"]
[PlyCount "44"]

1.c4 e5 2.Nc3 Nf6 3.Nf3 Nc6 4.g3 d5 5.cxd5 Nxd5 6.Bg2 Nb6 7.d3 Be7 8.a3 
O-O 9.b4 Be6 10.O-O f5 11.b5 Nd4 12.Rb1 Bf6 13.Nd2 Nd5 14.Bb2 a6 15.bxa6 
Rxa6 16.Nxd5 Bxd5 17.Bxd5+ Qxd5 18.Bxd4 exd4 19.Qb3 Qxb3 20.Rxb3 Re8 21.
Rxb7 Rxa3 22.Nc4 Ra2 1/2-1/2

[Event "15th Biel Festival"]
[Site "Biel SUI"]
[Date "1982.07.18"]
[Round "1"]
[White "Szmetan, Ricardo"]
[Black "Cuartas Bedoya, Carlos Enrique"]
[Result "1-0"]
[WhiteElo "2305"]
[BlackElo "2435"]
[EventDate "1982.07.18"]
[PlyCount "121"]

1.Nf3 Nf6 2.c4 e6 3.d4 d5 4.Nc3 c6 5.cxd5 exd5 6.Bg5 Nbd7 7.e3 Be7 8.Bd3 
O-O 9.Qc2 Re8 10.O-O h6 11.Bf4 Nf8 12.h3 Bd6 13.Bxd6 Qxd6 14.Rab1 Qe7 15.
Rbe1 Ne4 16.Bxe4 dxe4 17.Nd2 f5 18.f3 exf3 19.Nxf3 Be6 20.Ne5 Qd6 21.Na4 
Qd5 22.Nc5 Bc8 23.Qb3 Qxb3 24.axb3 Ne6 25.b4 Nc7 26.Kf2 Nd5 27.Ncd3 Be6 
28.Ke2 Rad8 29.Nf4 Bc8 30.Nxd5 Rxd5 31.Ra1 a6 32.h4 Be6 33.Kd3 Bc8 34.Nc4 
Be6 35.Ra5 Rxa5 36.Nxa5 Bd5 37.Nxb7 Bxg2 38.Rg1 Be4+ 39.Kc3 Bd5 40.Rg3 Re4
41.Nd6 Re6 42.Nxf5 Kf7 43.Nxg7 Re4 44.Nf5 Ke6 45.Nxh6 Rxh4 46.Ng4 Rh1 47.
Nf2 Rc1+ 48.Kd2 Rb1 49.Nd3 Bc4 50.Rg6+ Kd5 51.Nf4+ Ke4 52.Rxc6 Bb3 53.Rxa6
Rxb2+ 54.Kc3 Rb1 55.Ra3 Bd1 56.Kd2 Bb3 57.Kc3 Bd1 58.Kd2 Bg4 59.Ra5 Rxb4 
60.Nd3 Rb1 61.Nf2+ 1-0

[Event "15th Biel Festival"]
[Site "Biel SUI"]
[Date "1982.07.18"]
[Round "1"]
[White "Toth, Bela"]
[Black "Meduna, Eduard"]
[Result "1/2-1/2"]
[WhiteElo "2405"]
[BlackElo "2490"]
[EventDate "1982.07.18"]
[PlyCount "92"]

1.d4 d5 2.c4 c6 3.Nc3 Nf6 4.e3 Bg4 5.f3 Bc8 6.Bd3 g6 7.Nge2 Bg7 8.O-O O-O 
9.Bd2 e6 10.Rc1 Nbd7 11.Be1 dxc4 12.Bxc4 e5 13.Bf2 Bh6 14.Rc2 Nb6 15.Bd3 
Nfd5 16.Nxd5 Nxd5 17.Qd2 Qe7 18.dxe5 Nb4 19.Rc4 Nxd3 20.Qxd3 Qxe5 21.Qd4 
Bg7 22.Qxe5 Bxe5 23.Nd4 Rd8 24.Rfc1 Bf6 25.R4c2 Bd7 26.Be1 Re8 27.Kf2 Bh4+
28.g3 Bg5 29.f4 Bd8 30.Bb4 Bg4 31.Bd6 Bf6 32.Bb4 Re4 33.Bc3 Rae8 34.Re1 
Bd8 35.Nb3 Bb6 36.Bd4 Be6 37.Nc5 Bxc5 38.Bxc5 b6 39.Bd6 Bxa2 40.Rxc6 R4e6 
41.e4 Bd5 42.Rc7 Rxd6 43.exd5 Rxe1 44.Kxe1 Rxd5 45.Rxa7 Rh5 46.Ra6 Rb5 
1/2-1/2

[Event "15th Biel Festival"]
[Site "Biel SUI"]
[Date "1982.07.19"]
[Round "2"]
[White "Cuartas Bedoya, Carlos Enrique"]
[Black "Gheorghiu, Florin"]
[Result "0-1"]
[WhiteElo "2435"]
[BlackElo "2550"]
[EventDate "1982.07.18"]
[PlyCount "102"]

1.e4 c5 2.Nf3 e6 3.d4 cxd4 4.Nxd4 a6 5.Bd3 Nf6 6.O-O d6 7.f4 Nbd7 8.Kh1 
Nc5 9.Qe2 Be7 10.c4 Nxd3 11.Qxd3 O-O 12.Nc3 Nd7 13.Be3 Re8 14.Rad1 Bf8 15.
Nf3 Qc7 16.Bd4 b6 17.e5 Bb7 18.Ng5 f5 19.exd6 Qc6 20.Rd2 h6 21.Nf3 Qxd6 
22.Ne5 Nxe5 23.Bxe5 Qc6 24.Qd7 Qxc4 25.Rfd1 Qc6 26.Qxc6 Bxc6 27.Bd6 Rac8 
28.Kg1 Red8 29.Kf2 Bxd6 30.Rxd6 Rxd6 31.Rxd6 Kf7 32.g3 g5 33.Ke3 Ke7 34.
Rd2 Rg8 35.Ne2 Be4 36.Nc3 Bc6 37.Ne2 gxf4+ 38.gxf4 Bd5 39.Nc3 Kd6 40.Nxd5 
exd5 41.Kd3 h5 42.Rf2 h4 43.b4 Rg1 44.Rf3 Rd1+ 45.Ke2 Rd4 46.a3 Re4+ 47.
Kd3 d4 48.a4 Kd5 49.a5 b5 50.Rf1 Re3+ 51.Kd2 Rh3 0-1

[Event "15th Biel Festival"]
[Site "Biel SUI"]
[Date "1982.07.19"]
[Round "2"]
[White "Meduna, Eduard"]
[Black "Wirthensohn, Heinz"]
[Result "1-0"]
[WhiteElo "2490"]
[BlackElo "2435"]
[EventDate "1982.07.18"]
[PlyCount "75"]

1.d4 Nf6 2.c4 e6 3.Nf3 Bb4+ 4.Bd2 Qe7 5.g3 Bxd2+ 6.Nbxd2 d6 7.e4 e5 8.d5 
a5 9.Bg2 O-O 10.O-O Bg4 11.b3 Na6 12.a3 c6 13.h3 Bd7 14.Qe2 cxd5 15.cxd5 
Nc5 16.Rfc1 Rfc8 17.Qe3 Bb5 18.Rc3 Nfd7 19.Rac1 Nb6 20.h4 f6 21.Ne1 Qd8 
22.Bh3 Ncd7 23.Be6+ Kh8 24.Nd3 Rxc3 25.Rxc3 Rc8 26.Nb2 Rc5 27.Nd1 Ba6 28.
Rxc5 Nxc5 29.Qc3 Nbd7 30.Ne3 Nf8 31.Bh3 Bb5 32.Nec4 Bxc4 33.Qxc4 Qe8 34.
Bf1 Nfd7 35.Qb5 Qd8 36.Bh3 Qc7 37.b4 axb4 38.axb4 1-0

[Event "15th Biel Festival"]
[Site "Biel SUI"]
[Date "1982.07.20"]
[Round "3"]
[White "Birnboim, Nathan"]
[Black "Toth, Bela"]
[Result "1-0"]
[WhiteElo "2460"]
[BlackElo "2405"]
[EventDate "1982.07.18"]
[PlyCount "69"]

1.d4 Nf6 2.c4 e6 3.g3 d5 4.Bg2 dxc4 5.Nf3 c5 6.O-O Nc6 7.Qa4 Bd7 8.dxc5 
Na5 9.Qc2 Bxc5 10.Ne5 Rc8 11.Bg5 Nc6 12.Nxd7 Qxd7 13.Bxf6 gxf6 14.Nc3 f5 
15.Rad1 Qe7 16.Qa4 h5 17.Qxc4 h4 18.Qf4 hxg3 19.hxg3 Qc7 20.Qg5 Ne7 21.Na4
Rg8 22.Qh4 Ng6 23.Qf6 Be7 24.Qd4 f4 25.Rd3 fxg3 26.fxg3 b5 27.Rc3 Qb8 28.
Nc5 Ne5 29.Na6 Rd8 30.Qf2 Qd6 31.Nc7+ Kf8 32.Rc6 Qd2 33.Nxe6+ Ke8 34.Nxd8 
Bxd8 35.Rc5 1-0

[Event "15th Biel Festival"]
[Site "Biel SUI"]
[Date "1982.07.20"]
[Round "3"]
[White "Mariotti, Sergio"]
[Black "Hort, Vlastimil"]
[Result "0-1"]
[WhiteElo "2455"]
[BlackElo "2590"]
[EventDate "1982.07.18"]
[PlyCount "64"]

1.e4 c6 2.Nc3 d5 3.Nf3 dxe4 4.Nxe4 Nf6 5.Qe2 Bg4 6.h3 Bh5 7.Ng3 Bg6 8.Ne5 
Nbd7 9.Nxg6 hxg6 10.b3 e6 11.Bb2 Qa5 12.a3 Rh4 13.Qf3 Bd6 14.Be2 Rf4 15.
Qd3 Qc7 16.Bf3 Be5 17.c3 Bd6 18.Qc2 Rxf3 19.gxf3 Bxg3 20.fxg3 Qxg3+ 21.Kf1
Qxf3+ 22.Kg1 Qg3+ 23.Kf1 Qf3+ 24.Kg1 Ne4 25.d4 Qe3+ 26.Kg2 Qg5+ 27.Kf1 
Qf4+ 28.Kg1 Qe3+ 29.Kg2 Qg5+ 30.Kf1 Ng3+ 31.Kg2 Nf5+ 32.Kh2 Qg3# 0-1

[Event "15th Biel Festival"]
[Site "Biel SUI"]
[Date "1982.07.20"]
[Round "3"]
[White "Szmetan, Ricardo"]
[Black "Lobron, Eric"]
[Result "0-1"]
[WhiteElo "2305"]
[BlackElo "2440"]
[EventDate "1982.07.18"]
[PlyCount "82"]

1.d4 Nf6 2.c4 c5 3.d5 e6 4.Nc3 exd5 5.cxd5 d6 6.e4 g6 7.Bd3 Bg7 8.Nge2 O-O
9.O-O Na6 10.h3 Nc7 11.a4 Rb8 12.Bg5 a6 13.f4 h6 14.Bh4 Re8 15.Ng3 b5 16.
axb5 axb5 17.Qf3 c4 18.Be2 Qd7 19.Rad1 Nh7 20.Nh1 Ba6 21.e5 b4 22.Ne4 dxe5
23.f5 gxf5 24.Qxf5 Qxf5 25.Rxf5 Nb5 26.d6 Nd4 27.Rf2 Nf8 28.Bh5 Ng6 29.
Bxg6 fxg6 30.d7 Red8 31.Bxd8 Rxd8 32.Ra1 Bb5 33.Nf6+ Bxf6 34.Rxf6 Kg7 35.
Rd6 c3 36.bxc3 bxc3 37.Nf2 c2 38.Ng4 Nb3 39.Re1 Rxd7 40.Rxd7+ Bxd7 41.Nxe5
Bb5 0-1

[Event "15th Biel Festival"]
[Site "Biel SUI"]
[Date "1982.07.20"]
[Round "3"]
[White "Wirthensohn, Heinz"]
[Black "Cuartas Bedoya, Carlos Enrique"]
[Result "1/2-1/2"]
[WhiteElo "2435"]
[BlackElo "2435"]
[EventDate "1982.07.18"]
[PlyCount "85"]

1.c4 e5 2.Nc3 Nc6 3.g3 d6 4.e3 g6 5.Bg2 Bg7 6.Nge2 Nge7 7.d3 Be6 8.Nd5 Qd7
9.Rb1 Nd8 10.b4 Nxd5 11.cxd5 Bh3 12.Bxh3 Qxh3 13.Qa4+ Qd7 14.Qxd7+ Kxd7 
15.Bd2 c6 16.dxc6+ Nxc6 17.Nc3 Ne7 18.Ke2 Rhc8 19.Rhc1 Rc7 20.Nb5 Rxc1 21.
Rxc1 Nc6 22.Nc3 Ne7 23.b5 Rc8 24.e4 Ke6 25.Nd1 Rxc1 26.Bxc1 a6 27.a4 axb5 
28.axb5 d5 29.Ba3 dxe4 30.dxe4 Nc8 31.Nc3 Bf6 32.Bc5 Be7 33.Be3 Bb4 34.Nd5
Ba5 35.Kd3 Ne7 36.Nxe7 Kxe7 37.Kc4 Kd6 38.f3 f5 39.h3 fxe4 40.fxe4 h5 41.
g4 hxg4 42.hxg4 Bd8 43.Bc5+ 1/2-1/2

[Event "15th Biel Festival"]
[Site "Biel SUI"]
[Date "1982.07.21"]
[Round "4"]
[White "Hort, Vlastimil"]
[Black "Szmetan, Ricardo"]
[Result "1/2-1/2"]
[WhiteElo "2590"]
[BlackElo "2305"]
[EventDate "1982.07.18"]
[PlyCount "54"]

1.d4 Nf6 2.Nc3 d5 3.Bg5 Nbd7 4.Nf3 h6 5.Bh4 e6 6.e3 Be7 7.Ne5 Nxe5 8.dxe5 
Nd7 9.Bg3 Bb4 10.Qg4 Bxc3+ 11.bxc3 Qg5 12.Qd4 O-O 13.h4 Qe7 14.h5 c5 15.
Qh4 Qxh4 16.Rxh4 c4 17.f3 Nc5 18.Rg4 Bd7 19.Bh4 Kh7 20.Be7 Rfc8 21.O-O-O 
Na4 22.Rdd4 Nxc3 23.Rdf4 Rf8 24.a3 b5 25.Kd2 Nb1+ 26.Kc1 Nc3 27.Kd2 Nb1+ 
1/2-1/2

[Event "15th Biel Festival"]
[Site "Biel SUI"]
[Date "1982.07.21"]
[Round "4"]
[White "Lobron, Eric"]
[Black "Gheorghiu, Florin"]
[Result "1/2-1/2"]
[WhiteElo "2440"]
[BlackElo "2550"]
[EventDate "1982.07.18"]
[PlyCount "81"]

1.Nf3 c5 2.c4 Nf6 3.g3 b6 4.Bg2 Bb7 5.O-O e6 6.Nc3 Be7 7.d4 cxd4 8.Qxd4 d6
9.Rd1 a6 10.b3 Nbd7 11.e4 Qb8 12.Ba3 Nc5 13.e5 dxe5 14.Qxe5 Ncd7 15.Qxb8+ 
Rxb8 16.Bd6 Bxd6 17.Rxd6 Ke7 18.Rad1 Rhc8 19.Na4 b5 20.Nb2 bxc4 21.Nxc4 
Nd5 22.Nd4 g6 23.Bxd5 Bxd5 24.Rxa6 Bxc4 25.bxc4 Ra8 26.Rxa8 Rxa8 27.Nc6+ 
Ke8 28.Nb4 Ra4 29.Rb1 Ne5 30.c5 Nf3+ 31.Kg2 Nd2 32.Rd1 Rxb4 33.Rxd2 Rc4 
34.Rb2 Rxc5 35.Rb8+ Ke7 36.Rb7+ Kf6 37.Ra7 Rc3 38.h4 h6 39.Kf1 Rc2 40.Ke1 
g5 41.hxg5+ 1/2-1/2

[Event "15th Biel Festival"]
[Site "Biel SUI"]
[Date "1982.07.21"]
[Round "4"]
[White "Meduna, Eduard"]
[Black "Cuartas Bedoya, Carlos Enrique"]
[Result "1/2-1/2"]
[WhiteElo "2490"]
[BlackElo "2435"]
[EventDate "1982.07.18"]
[PlyCount "113"]

1.d4 d5 2.Nf3 Bf5 3.c4 e6 4.Nc3 c6 5.e3 Nf6 6.Bd3 Bxd3 7.Qxd3 Nbd7 8.O-O 
Bd6 9.e4 dxe4 10.Nxe4 Nxe4 11.Qxe4 Nf6 12.Qe2 O-O 13.Rd1 Qa5 14.Ne5 c5 15.
Bd2 Qc7 16.Bc3 cxd4 17.Bxd4 Rad8 18.h3 Bc5 19.Bc3 Rxd1+ 20.Rxd1 Rd8 21.Rd3
Rxd3 22.Nxd3 Be7 23.b3 Nd7 24.Qg4 Bf6 25.Bxf6 Nxf6 26.Qd4 b6 27.Ne5 Kf8 
28.b4 Ke7 29.f4 Ne8 30.b5 Qd6 31.Qe4 Qc5+ 32.Kh1 Nd6 33.Qa8 Qa3 34.Nc6+ 
Kf6 35.Qd8+ Kf5 36.Qg5+ Ke4 37.Qe5+ Kd3 38.Qd4+ Ke2 39.Kh2 Nf5 40.Qe4+ Kd2
41.Ne5 Qg3+ 42.Kg1 Qe3+ 43.Qxe3+ Kxe3 44.Nxf7 Kxf4 45.Kf2 e5 46.a4 e4 47.
c5 e3+ 48.Ke1 bxc5 49.a5 Nd4 50.b6 axb6 51.axb6 Nc6 52.Ke2 c4 53.b7 c3 54.
Kd3 Kg3 55.Kxe3 Kxg2 56.Nd8 Nb8 57.Ne6 1/2-1/2

[Event "15th Biel Festival"]
[Site "Biel SUI"]
[Date "1982.07.21"]
[Round "4"]
[White "Toth, Bela"]
[Black "Mariotti, Sergio"]
[Result "1/2-1/2"]
[WhiteElo "2405"]
[BlackElo "2455"]
[EventDate "1982.07.18"]
[PlyCount "20"]

1.d4 Nf6 2.Nf3 g6 3.Bg5 Bg7 4.Nbd2 d6 5.c3 Nbd7 6.e3 h6 7.Bxf6 Nxf6 8.Bd3 
c6 9.O-O Qc7 10.Qe2 O-O 1/2-1/2

[Event "15th Biel Festival"]
[Site "Biel SUI"]
[Date "1982.07.23"]
[Round "5"]
[White "Gheorghiu, Florin"]
[Black "Hort, Vlastimil"]
[Result "1/2-1/2"]
[WhiteElo "2535"]
[BlackElo "2600"]
[EventDate "1982.07.18"]
[PlyCount "39"]

1.e4 e5 2.Nf3 Nc6 3.Bb5 a6 4.Ba4 Nf6 5.O-O Be7 6.Re1 b5 7.Bb3 d6 8.c3 O-O 
9.h3 Nb8 10.d4 Nbd7 11.Nbd2 Bb7 12.Bc2 Re8 13.Nf1 Bf8 14.Ng3 g6 15.a4 c5 
16.d5 c4 17.Bg5 Bg7 18.Qd2 Qe7 19.Ra3 Qf8 20.Rea1 1/2-1/2

[Event "15th Biel Festival"]
[Site "Biel SUI"]
[Date "1982.07.23"]
[Round "5"]
[White "Birnboim, Nathan"]
[Black "Meduna, Eduard"]
[Result "1/2-1/2"]
[WhiteElo "2460"]
[BlackElo "2490"]
[EventDate "1982.07.18"]
[PlyCount "70"]

1.d4 d5 2.c4 c6 3.Nf3 Nf6 4.Nc3 dxc4 5.a4 Bf5 6.e3 e6 7.Bxc4 Bb4 8.O-O 
Nbd7 9.Nh4 Bg6 10.f3 Nd5 11.Qe1 Be7 12.Nxg6 hxg6 13.Qe2 Qc7 14.g3 a5 15.e4
Nb4 16.Be3 O-O 17.Rac1 e5 18.d5 Bc5 19.Kg2 Bxe3 20.Qxe3 Qb6 21.Qe2 Nf6 22.
dxc6 bxc6 23.f4 exf4 24.Rxf4 Rae8 25.e5 Nbd5 26.Nxd5 Nxd5 27.Re4 Re6 28.
Rd1 Rd8 29.Red4 Qc5 30.Qe4 Rde8 31.Bxd5 cxd5 32.Rxd5 Rxe5 33.Qxe5 Rxe5 34.
Rxc5 Rxc5 35.Rd8+ Kh7 1/2-1/2

[Event "15th Biel Festival"]
[Site "Biel SUI"]
[Date "1982.07.23"]
[Round "5"]
[White "Szmetan, Ricardo"]
[Black "Toth, Bela"]
[Result "1/2-1/2"]
[WhiteElo "2305"]
[BlackElo "2405"]
[EventDate "1982.07.18"]
[PlyCount "110"]

1.d4 Nf6 2.c4 e6 3.Nf3 b6 4.a3 Bb7 5.Nc3 d5 6.cxd5 exd5 7.g3 Be7 8.Bg2 O-O
9.O-O Nbd7 10.Bf4 Re8 11.Nb5 Rc8 12.Nxa7 Ra8 13.Nb5 Rc8 14.Rc1 c5 15.Ne5 
Nxe5 16.dxe5 Ne4 17.f3 Ng5 18.Bxg5 Bxg5 19.f4 Be7 20.Nc3 d4 21.Bxb7 Rc7 
22.Bd5 dxc3 23.Rxc3 b5 24.e4 Bf8 25.a4 bxa4 26.Qxa4 Qe7 27.Ra1 Rb8 28.Rb3 
Rb4 29.Rxb4 cxb4 30.Kg2 g6 31.Rf1 Kg7 32.Qd1 Qe8 33.Rf2 Bc5 34.Rc2 Qe7 35.
Qc1 Kf8 36.Rc4 Bb6 37.Rxc7 Qxc7 38.Qxc7 Bxc7 39.Kf3 Bb6 40.h3 b3 41.Bxb3 
Bd4 42.Bxf7 Kxf7 43.b4 Ke6 44.Kg4 Bf2 45.b5 h6 46.h4 Be3 47.Kf3 Bb6 48.Kg4
Bd8 49.h5 g5 50.b6 Bxb6 51.fxg5 Be3 52.gxh6 Bxh6 53.Kh4 Kxe5 54.g4 Kf4 55.
e5 Bg5+ 1/2-1/2

[Event "15th Biel Festival"]
[Site "Biel SUI"]
[Date "1982.07.23"]
[Round "5"]
[White "Wirthensohn, Heinz"]
[Black "Lobron, Eric"]
[Result "1-0"]
[WhiteElo "2435"]
[BlackElo "2440"]
[EventDate "1982.07.18"]
[PlyCount "107"]

1.c4 Nf6 2.Nc3 c5 3.Nf3 e6 4.d4 cxd4 5.Nxd4 Bb4 6.e3 O-O 7.Be2 d5 8.O-O e5
9.Nf3 Bxc3 10.bxc3 Nc6 11.cxd5 Nxd5 12.Qc2 Qa5 13.Bd2 Qc7 14.c4 Nf6 15.h3 
h6 16.Bc3 Re8 17.a4 Nd7 18.a5 Nc5 19.Rfd1 Be6 20.Qb2 f6 21.Qa3 Ne4 22.Be1 
Rad8 23.c5 Nb8 24.Rdc1 a6 25.Qb4 Bd5 26.Rab1 Qf7 27.Rd1 Kh8 28.Rbc1 Nc6 
29.Qb1 f5 30.Nd2 Nxa5 31.Nxe4 Bxe4 32.Qb2 Nc6 33.f3 Rxd1 34.Rxd1 Bd5 35.
Bc3 Re7 36.Bf1 Bc4 37.Qb1 Bxf1 38.Rxf1 Qc4 39.Ba1 Qxc5 40.Qxf5 Qxe3+ 41.
Kh1 Qf4 42.Qd3 Nd4 43.Re1 Rc7 44.Bc3 b5 45.Bd2 Qg3 46.Re4 Ne6 47.Qd5 Qg6 
48.Rxe5 Nf8 49.Rf5 Nd7 50.Rf7 Nf6 51.Qd8+ Ne8 52.Qxe8+ Kh7 53.Rf8 Qb1+ 54.
Kh2 1-0

[Event "15th Biel Festival"]
[Site "Biel SUI"]
[Date "1982.07.24"]
[Round "6"]
[White "Birnboim, Nathan"]
[Black "Mariotti, Sergio"]
[Result "1-0"]
[WhiteElo "2460"]
[BlackElo "2455"]
[EventDate "1982.07.18"]
[PlyCount "69"]

1.d4 e6 2.e4 d5 3.Nd2 f5 4.exf5 exf5 5.Bd3 Nf6 6.Ne2 Bd6 7.Nf3 O-O 8.O-O 
c6 9.Bf4 Bxf4 10.Nxf4 Qd6 11.Qc1 Ne4 12.Ne5 Nd7 13.Nf3 g5 14.Ne2 f4 15.Nd2
Ndf6 16.Nc3 Nxc3 17.bxc3 Bg4 18.Re1 Rae8 19.Qb2 Rf7 20.Rxe8+ Nxe8 21.c4 
Re7 22.cxd5 cxd5 23.c4 dxc4 24.Nxc4 Qf6 25.Ne5 Bf5 26.Bxf5 Qxf5 27.Rc1 Qe6
28.h3 h6 29.Qa3 a6 30.Rc8 Kg7 31.Rd8 Rc7 32.Qb2 Qe7 33.Rb8 Nf6 34.Qb1 Qxe5
35.dxe5 1-0

[Event "15th Biel Festival"]
[Site "Biel SUI"]
[Date "1982.07.24"]
[Round "6"]
[White "Lobron, Eric"]
[Black "Cuartas Bedoya, Carlos Enrique"]
[Result "1-0"]
[WhiteElo "2440"]
[BlackElo "2435"]
[EventDate "1982.07.18"]
[PlyCount "61"]

1.e4 e5 2.Nf3 Nc6 3.Bb5 f5 4.d3 fxe4 5.dxe4 Nf6 6.O-O d6 7.Qd3 Be7 8.Qc4 
Qd7 9.Rd1 Kf8 10.Qe2 Qg4 11.Nc3 h6 12.a4 g5 13.Ra3 a6 14.Bc4 Kg7 15.Nd5 
Bd8 16.b4 Rf8 17.b5 axb5 18.axb5 Rxa3 19.Nxf6 Rxf6 20.Bxa3 Na5 21.h3 Qh5 
22.Nxe5 Qe8 23.Ng4 Rf4 24.Bb2+ Kh7 25.Bd3 h5 26.Ne3 Kh6 27.Qd2 b6 28.Nd5 
Rh4 29.Qc3 Qg8 30.Nf6 Bxf6 31.Qxf6+ 1-0

[Event "15th Biel Festival"]
[Site "Biel SUI"]
[Date "1982.07.24"]
[Round "6"]
[White "Toth, Bela"]
[Black "Gheorghiu, Florin"]
[Result "0-1"]
[WhiteElo "2405"]
[BlackElo "2550"]
[EventDate "1982.07.18"]
[PlyCount "66"]

1.d4 Nf6 2.c4 c5 3.d5 g6 4.Nc3 d6 5.e4 Bg7 6.Nf3 O-O 7.h3 a6 8.Bd3 b5 9.
cxb5 axb5 10.Nxb5 Na6 11.Nc3 Nb4 12.Be2 Qa5 13.O-O Ba6 14.Re1 Rfb8 15.Bf4 
Bxe2 16.Rxe2 Qa6 17.Rd2 Qc4 18.b3 Qxc3 19.Rc1 Nxe4 20.Rxc3 Nxc3 21.Qe1 
Nbxd5 22.Bg5 e6 23.Rc2 Nxa2 24.Qe2 Nac3 25.Qc4 Rb4 26.Qd3 Rxb3 27.Nd2 Rba3
28.Qf3 Nb5 29.Qe4 Nd4 30.Rc1 h6 31.Bh4 Nf4 32.Re1 g5 33.Bg3 d5 0-1

[Event "15th Biel Festival"]
[Site "Biel SUI"]
[Date "1982.07.25"]
[Round "7"]
[White "Mariotti, Sergio"]
[Black "Meduna, Eduard"]
[Result "1/2-1/2"]
[WhiteElo "2455"]
[BlackElo "2490"]
[EventDate "1982.07.18"]
[PlyCount "89"]

1.e4 c6 2.d4 d5 3.exd5 cxd5 4.c4 Nf6 5.c5 g6 6.Nc3 Bg7 7.Bb5+ Nc6 8.Nge2 
O-O 9.O-O a6 10.Bxc6 bxc6 11.b4 Nd7 12.a4 e5 13.Be3 Re8 14.Rc1 Bb7 15.f4 
exf4 16.Bxf4 Nf8 17.Qd2 Ne6 18.Bh6 Bh8 19.Be3 Rb8 20.Rb1 Qe7 21.Bf2 Bg7 
22.Rfe1 Rbd8 23.Rbd1 Bc8 24.b5 axb5 25.axb5 cxb5 26.Nxb5 Ba6 27.Nec3 Bxb5 
28.Nxb5 Ra8 29.Nc3 Qd7 30.Ra1 h5 31.Qd3 Kh7 32.h3 Reb8 33.Rxa8 Rxa8 34.Qb5
Qxb5 35.Nxb5 Rb8 36.Nd6 Bxd4 37.c6 Bxf2+ 38.Kxf2 Rb2+ 39.Kf1 Rc2 40.Nxf7 
Kg7 41.Rxe6 Kxf7 42.Rd6 Kg7 43.Ke1 d4 44.Kd1 d3 45.h4 1/2-1/2

[Event "15th Biel Festival"]
[Site "Biel SUI"]
[Date "1982.07.25"]
[Round "7"]
[White "Wirthensohn, Heinz"]
[Black "Toth, Bela"]
[Result "1-0"]
[WhiteElo "2435"]
[BlackElo "2405"]
[EventDate "1982.07.18"]
[PlyCount "97"]

1.c4 e6 2.d4 Nf6 3.Nf3 d5 4.Nc3 Be7 5.Bg5 O-O 6.e3 Nbd7 7.Rc1 c6 8.Bd3 
dxc4 9.Bxc4 Nd5 10.Bxe7 Qxe7 11.Ne4 N5f6 12.Nxf6+ Qxf6 13.O-O e5 14.e4 
exd4 15.Qxd4 Qxd4 16.Nxd4 Re8 17.f3 Nb6 18.Bb3 Bd7 19.Rfd1 Rad8 20.a4 Na8 
21.Rd2 Bc8 22.Rcd1 Nc7 23.Bc4 Kf8 24.b4 Ke7 25.Kf2 g6 26.a5 a6 27.Nb3 
Rxd2+ 28.Rxd2 Be6 29.Nc5 Bc8 30.h4 h5 31.Ke3 Rg8 32.Kf4 Be6 33.Rd4 Rb8 34.
g4 hxg4 35.fxg4 b6 36.axb6 Rxb6 37.Be2 Bc8 38.h5 Ne6+ 39.Nxe6 Bxe6 40.h6 
Rb8 41.Rd1 f6 42.g5 f5 43.Rd4 fxe4 44.Kxe4 Rf8 45.Ke3 Bf5 46.Bxa6 Ra8 47.
Rh4 Be6 48.Bb7 Ra3+ 49.Kd2 1-0

[Event "15th Biel Festival"]
[Site "Biel SUI"]
[Date "1982.07.26"]
[Round "8"]
[White "Birnboim, Nathan"]
[Black "Gheorghiu, Florin"]
[Result "1/2-1/2"]
[WhiteElo "2460"]
[BlackElo "2550"]
[EventDate "1982.07.18"]
[PlyCount "30"]

1.d4 Nf6 2.c4 e6 3.g3 c5 4.d5 exd5 5.cxd5 d6 6.Nc3 g6 7.Bg2 Bg7 8.Nf3 O-O 
9.O-O Re8 10.Nd2 a6 11.a4 Nbd7 12.h3 Rb8 13.Nc4 Nb6 14.Na3 Bd7 15.e4 Nh5 
1/2-1/2

[Event "15th Biel Festival"]
[Site "Biel SUI"]
[Date "1982.07.26"]
[Round "8"]
[White "Mariotti, Sergio"]
[Black "Szmetan, Ricardo"]
[Result "1-0"]
[WhiteElo "2455"]
[BlackElo "2305"]
[EventDate "1982.07.18"]
[PlyCount "77"]

1.e4 c6 2.d4 d5 3.e5 Bf5 4.Ne2 h5 5.Nf4 h4 6.e6 Bxe6 7.Nxe6 fxe6 8.Qg4 Nf6
9.Qxe6 Qd7 10.Qe3 e5 11.Qxe5+ Kf7 12.Be2 c5 13.dxc5 Nc6 14.Qf4 Re8 15.Nc3 
d4 16.O-O Bxc5 17.Bc4+ Kf8 18.Nd5 Qd6 19.Qxd6+ Bxd6 20.Nxf6 gxf6 21.Bd2 h3
22.g3 Rh5 23.Rfe1 b5 24.Bd3 Ne5 25.Be2 Rh7 26.b3 f5 27.f4 Ng4 28.Bxb5 Rc8 
29.Bd3 Bc5 30.b4 Bb6 31.Rac1 Rhc7 32.Re6 Rc6 33.Rxc6 Rxc6 34.a4 a6 35.Be1 
Kf7 36.Kh1 Ne3 37.Bxa6 Nxc2 38.Bd3 Nxb4 39.Bc4+ 1-0

[Event "15th Biel Festival"]
[Site "Biel SUI"]
[Date "1982.07.26"]
[Round "8"]
[White "Meduna, Eduard"]
[Black "Lobron, Eric"]
[Result "1-0"]
[WhiteElo "2490"]
[BlackElo "2440"]
[EventDate "1982.07.18"]
[PlyCount "124"]

1.d4 Nf6 2.Nf3 c5 3.c3 e6 4.Bf4 b6 5.e3 Bb7 6.Nbd2 Be7 7.h3 O-O 8.Be2 cxd4
9.exd4 d6 10.O-O Nbd7 11.Re1 Re8 12.Bd3 Nf8 13.Bg3 Ng6 14.Nh4 Nf8 15.Nhf3 
a6 16.Ne4 Nh5 17.Bh2 f5 18.Ned2 b5 19.a4 Qd7 20.axb5 axb5 21.Rxa8 Rxa8 22.
Qe2 Bc6 23.Bxf5 exf5 24.Qxe7 Qxe7 25.Rxe7 Ng6 26.Re1 Nhf4 27.Rb1 Ra2 28.
Ne1 Kf7 29.f3 Ke6 30.Bxf4 Nxf4 31.Kf2 g5 32.Nb3 Nd5 33.Nc1 Ra8 34.Nc2 g4 
35.Nd3 Bb7 36.Ncb4 Nf6 37.Nf4+ Kd7 38.Re1 Rg8 39.Ra1 Kc7 40.Re1 Kd7 41.Nc2
g3+ 42.Ke2 Nd5 43.Nxd5 Bxd5 44.Ne3 Bc4+ 45.Kd2 f4 46.Nxc4 bxc4 47.Re4 Rf8 
48.d5 Rf5 49.Rxc4 Rxd5+ 50.Rd4 Rf5 51.Kd3 Ke6 52.c4 Rf7 53.Ke4 h5 54.h4 
Rb7 55.Kxf4 Rxb2 56.Kxg3 Rc2 57.Rd5 Rxc4 58.Rxh5 d5 59.Rh8 Rc2 60.h5 Kf6 
61.Rd8 Rd2 62.Rd6+ Ke7 1-0

[Event "15th Biel Festival"]
[Site "Biel SUI"]
[Date "1982.07.26"]
[Round "8"]
[White "Toth, Bela"]
[Black "Cuartas Bedoya, Carlos Enrique"]
[Result "1-0"]
[WhiteElo "2405"]
[BlackElo "2435"]
[EventDate "1982.07.18"]
[PlyCount "71"]

1.d4 Nf6 2.c4 e6 3.Nc3 Bb4 4.Qc2 c5 5.dxc5 Qc7 6.Nf3 Qxc5 7.a3 Bxc3+ 8.
Qxc3 d5 9.e3 O-O 10.b4 Qc7 11.Bb2 b6 12.Bd3 dxc4 13.Ng5 e5 14.Bxc4 h6 15.
Nxf7 b5 16.Nxh6+ Kh8 17.Nf7+ Kg8 18.Ba2 Qxc3+ 19.Bxc3 Rxf7 20.Bxe5 Nbd7 
21.Bxf6 gxf6 22.f3 Ne5 23.Bxf7+ Kxf7 24.Ke2 Be6 25.e4 Rg8 26.g4 Bb3 27.
Rac1 Rd8 28.Rc7+ Ke6 29.Rc3 Ba4 30.h4 Nc4 31.Rd3 Rc8 32.h5 Ne5 33.Rd2 Nc4 
34.Rc1 Ke5 35.Rd5+ Kf4 36.Kf2 1-0

[Event "15th Biel Festival"]
[Site "Biel SUI"]
[Date "1982.07.28"]
[Round "9"]
[White "Gheorghiu, Florin"]
[Black "Mariotti, Sergio"]
[Result "1-0"]
[WhiteElo "2550"]
[BlackElo "2455"]
[EventDate "1982.07.18"]
[PlyCount "91"]

1.d4 Nf6 2.c4 e6 3.Nf3 b6 4.g3 Bb7 5.Bg2 Be7 6.Nc3 d5 7.Ne5 O-O 8.cxd5 
exd5 9.O-O c6 10.e4 dxe4 11.Nxe4 Nd5 12.Nc3 Bf6 13.Nxd5 cxd5 14.Bf4 Nc6 
15.Rc1 Nxe5 16.dxe5 Be7 17.Qa4 a6 18.Be3 f6 19.e6 Rb8 20.Rfd1 Qe8 21.Qd7 
Qxd7 22.exd7 d4 23.Bf4 Bxg2 24.Bxb8 Bh3 25.Bc7 Bxd7 26.Rxd4 Bh3 27.Bd6 Rd8
28.Rcd1 Rd7 29.f3 a5 30.Kf2 Kf8 31.Bxe7+ Rxe7 32.Rd6 Be6 33.Re1 b5 34.b3 
a4 35.bxa4 bxa4 36.a3 g5 37.h4 gxh4 38.gxh4 Bb3 39.Rxe7 Kxe7 40.Ra6 Kf7 
41.Ra5 Kg6 42.Ke3 Bd1 43.f4 Bc2 44.f5+ Bxf5 45.Rxa4 Be4 46.Rxe4 1-0

[Event "15th Biel Festival"]
[Site "Biel SUI"]
[Date "1982.07.28"]
[Round "9"]
[White "Lobron, Eric"]
[Black "Hort, Vlastimil"]
[Result "1/2-1/2"]
[WhiteElo "2440"]
[BlackElo "2590"]
[EventDate "1982.07.18"]
[PlyCount "56"]

1.e4 e5 2.Nf3 Nc6 3.Bb5 a6 4.Ba4 Nf6 5.O-O Be7 6.Re1 b5 7.Bb3 d6 8.c3 O-O 
9.d4 Bg4 10.d5 Na5 11.Bc2 c6 12.h3 Bc8 13.dxc6 Qc7 14.a4 Qxc6 15.Na3 Be6 
16.Ng5 Bd7 17.b4 Nc4 18.Nxc4 Qxc4 19.axb5 Bxb5 20.Bb2 Qc6 21.Nf3 Nd7 22.
Nd2 Nb6 23.Bb3 Rac8 24.Qg4 Qb7 25.Ra5 h6 26.h4 Rc7 27.Rea1 Rd8 28.g3 Bf8 
1/2-1/2